<?xml version="1.0" encoding="UTF-8"?><?xml-stylesheet type="text/xsl" href="static/style.xsl"?><OAI-PMH xmlns="http://www.openarchives.org/OAI/2.0/" xmlns:xsi="http://www.w3.org/2001/XMLSchema-instance" xsi:schemaLocation="http://www.openarchives.org/OAI/2.0/ http://www.openarchives.org/OAI/2.0/OAI-PMH.xsd"><responseDate>2026-04-13T07:21:49Z</responseDate><request verb="GetRecord" identifier="oai:www.recercat.cat:2117/181399" metadataPrefix="marc">https://recercat.cat/oai/request</request><GetRecord><record><header><identifier>oai:recercat.cat:2117/181399</identifier><datestamp>2025-07-23T05:37:11Z</datestamp><setSpec>com_2072_1033</setSpec><setSpec>col_2072_452951</setSpec></header><metadata><record xmlns="http://www.loc.gov/MARC21/slim" xmlns:dcterms="http://purl.org/dc/terms/" xmlns:xsi="http://www.w3.org/2001/XMLSchema-instance" xmlns:doc="http://www.lyncode.com/xoai" xsi:schemaLocation="http://www.loc.gov/MARC21/slim http://www.loc.gov/standards/marcxml/schema/MARC21slim.xsd">
   <leader>00925njm 22002777a 4500</leader>
   <datafield ind2=" " ind1=" " tag="042">
      <subfield code="a">dc</subfield>
   </datafield>
   <datafield ind2=" " ind1=" " tag="720">
      <subfield code="a">Fernández Ciérvide, Ignacio</subfield>
      <subfield code="e">author</subfield>
   </datafield>
   <datafield ind2=" " ind1=" " tag="260">
      <subfield code="c">2020-01-29</subfield>
   </datafield>
   <datafield ind2=" " ind1=" " tag="520">
      <subfield code="a">Este proyecto es la continuación a una serie de trabajos en los cuales, mediante el software de CAD,SolidWorks®, se han simulado vuelos    parabólicos    con diferentes aeronaves respectivamente.  El objetivo es crear un simulador paramétrico que permita aunar a todos estos proyectos  en  uno,  es  decir,  que  desde  una  única  aplicación  se  puedan introducir  los  datos variables según la aeronave deseada y ejecutar el estudio.Para ello se ha llevado a cabo un proceso de investigación en la documentación, proporcionada por  los  creadores  de  SolidWorks®,  sobre  la  interfaz  de  programación  de  la  propia  aplicación.Mediante  las  subrutinas,  funciones  y  métodos  disponibles,  con  el  lenguaje  de  programación Visual  Basic  .NET,se  ha creado  un  complemento  para  el  software  SolidWorks® con  su  propio instalador con el que el usuario podrá:ejecutar automáticamente la simulación de movimiento del vuelo parabólico con el complemento Motion, ya presente en SolidWorks®, y descargar un informe en Excel con los resultadosde salida.De esta manera se podrá conocer fácilmente la altura que alcanza la aeronave en el vuelo y la fuerza G a la que está sometida en cada momento.</subfield>
   </datafield>
   <datafield tag="653" ind2=" " ind1=" ">
      <subfield code="a">Àrees temàtiques de la UPC::Aeronàutica i espai::Aviònica::Simuladors de vol</subfield>
   </datafield>
   <datafield tag="653" ind2=" " ind1=" ">
      <subfield code="a">Flight simulators</subfield>
   </datafield>
   <datafield tag="653" ind2=" " ind1=" ">
      <subfield code="a">SOLIDWORKS</subfield>
   </datafield>
   <datafield tag="653" ind2=" " ind1=" ">
      <subfield code="a">paramétrico</subfield>
   </datafield>
   <datafield tag="653" ind2=" " ind1=" ">
      <subfield code="a">vuelo parabólico</subfield>
   </datafield>
   <datafield tag="653" ind2=" " ind1=" ">
      <subfield code="a">API</subfield>
   </datafield>
   <datafield tag="653" ind2=" " ind1=" ">
      <subfield code="a">Visual Basic .NET</subfield>
   </datafield>
   <datafield tag="653" ind2=" " ind1=" ">
      <subfield code="a">add-in</subfield>
   </datafield>
   <datafield tag="653" ind2=" " ind1=" ">
      <subfield code="a">aplicación</subfield>
   </datafield>
   <datafield tag="653" ind2=" " ind1=" ">
      <subfield code="a">microgravedad</subfield>
   </datafield>
   <datafield tag="653" ind2=" " ind1=" ">
      <subfield code="a">Simuladors de vol</subfield>
   </datafield>
   <datafield ind2="0" ind1="0" tag="245">
      <subfield code="a">Simulador paramétrico de vuelo parabólico</subfield>
   </datafield>
</record></metadata></record></GetRecord></OAI-PMH>